000 00815nas a2200277 4500
001 BR0806520
003 BR-BrBNA
005 20231205112136.0
007 ta
008 230509b bl.|||p| |||| 00| 00por d
040 _aBR-BrBNA
_bpor
_cBiblioteca Nacional de Agricultura
041 _a(Pt)
072 _aF70
100 1 _aBernacci, L.C.
100 1 _aGoldenberg, R.
100 1 _aMetzger, J.P.
245 1 _aEstrutura florística de 15 fragmentos florestais ripários da bacia do Jacaré Pepira (SP)
650 _aFLORA
650 _aFLORESTA
650 _aDISTRIBUIÇÃO GEOGRÁFICA
650 _aBACIA HIDROGRAFICA
650 _aSÃO PAULO
773 0 _tNaturalia (Brazil)
_xISSN 0001-1944
_g(1998), v. 23 p. 23-54
_wBR0806520
909 _a202311
_bLúcia
_c55
_dLúcia Elande
942 _2AGRIS
_n0
_cANA
999 _c196316
_d196316